00677cam a22002411 450000100060000000300080000600500170001400800390003103500190007004000310008904100080012008200130012810000220014124500780016325000120024126000450025330000340029850400290033265000200036165000100038165000140039170000300040513926BD-RjUL20211208235535.0140203r19831967nyua b 000 0 eng a(BD-RjUL)13978 aDLCcDLCdDLCdBD-RjUbeng aeng00a640bNIM1 aNickell, Paulena.10aManagement in family living /c[by] Paulena Nickell and Jean Muir Dorsey. a4th ed. aNew York :bWiley,cc1967[reprinted1983] ax, 554 p. :billus. ;c24 cm. aIncludes bibliographies. 0aHome economics. 0aHome. 0aFamilies.1 aDorsey, Jean Muir,d1890-